The Application of green solvents in separation processes

The Application of Green Solvents in Separation Processes features a logical progression of a wide range of topics and methods, beginning with an overview of green solvents, covering everything from water and organic solvents, to ionic liquids, switchable solvents, eutectic mixtures, supercritical f...

תיאור מלא

שמור ב:
מידע ביבליוגרפי
פורמט: ספר
שפה:Undetermined
יצא לאור: Amsterdam Elsevier 2017
נושאים:
תגים: הוספת תג
אין תגיות, היה/י הראשונ/ה לתייג את הרשומה!
Thư viện lưu trữ: Trung tâm Học liệu Trường Đại học Cần Thơ
LEADER 00854nam a2200181Ia 4500
001 CTU_236246
008 210402s9999 xx 000 0 und d
082 |a 660 
082 |b A652 
245 4 |a The Application of green solvents in separation processes 
245 0 |c Edited by Francisco Pena-Pereira, Marek Tobiszewsk 
260 |a Amsterdam 
260 |b Elsevier 
260 |c 2017 
520 |a The Application of Green Solvents in Separation Processes features a logical progression of a wide range of topics and methods, beginning with an overview of green solvents, covering everything from water and organic solvents, to ionic liquids, switchable solvents, eutectic mixtures, supercritical fluids, gas-expanded solvents, and more. 
650 |a Dung môi,Solvents 
910 |b dqhieu 
980 |a Trung tâm Học liệu Trường Đại học Cần Thơ